[Event "Florianopolis op 6th"]
[Site "Florianopolis"]
[Date "2020.01.23"]
[Round "5"]
[White "De Carvalho, Amauri"]
[Black "Tasoko, Toshinobu"]
[Result "0-1"]
[WhiteElo "1144"]
[BlackElo "1630"]
[PlyCount "82"]
[EventDate "2020.01.20"]
[EventType "swiss"]
[EventRounds "10"]
[EventCountry "BRA"]
[SourceTitle "CBM 194 Extra"]
[Source "ChessBase"]
[SourceDate "2020.03.31"]
[SourceVersion "1"]
[SourceVersionDate "2020.03.31"]
[SourceQuality "1"]

1. d4 Nf6 2. Bf4 d5 3. e3 Bf5 4. Bd3 Bxd3 5. Qxd3 e6 6. Qb5+ Nbd7 7. Nf3 b6 8. Ne5 Bd6 9. Nxd7 Qxd7 10. Qxd7+ Nxd7 11. Bxd6 cxd6 12. 0-0 Rc8 13. Nc3 a6 14. Rac1 b5 15. a3 0-0 16. Na2 a5 17. c3 Rc7 18. Rc2 Rfc8 19. Rfc1 Nb6 20. b3 Kf8 21. Kf1 Ke7 22. Ke2 f5 23. f4 h5 24. Kf3 Kf6 25. h3 e5 26. g3 e4+ 27. Ke2 Rg8 28. h4 Re8 29. Kd2 Ke7 30. Ke2 Kd8 31. Kd2 Kd7 32. Ke2 Ke6 33. Kd2 a4 34. Rb1 axb3 35. Rxb3 Ra7 36. Rxb5 Nc4+ 37. Ke1 Nxa3 38. Rbb2 Nxc2+ 39. Rxc2 Rb7 40. Nb4 Rxb4 41. Kd2 Rb3 0-1

[Event "Florianopolis op 4th"]
[Site "Florianopolis"]
[Date "2018.01.20"]
[Round "3"]
[White "Felix, Raimundo Nascimento"]
[Black "Tasoko, Toshinobu"]
[Result "1-0"]
[WhiteElo "1879"]
[BlackElo "1719"]
[PlyCount "75"]
[EventDate "2018.01.19"]
[EventType "swiss"]
[EventRounds "10"]
[EventCountry "BRA"]
[SourceTitle "CBM 182 Extra"]
[Source "ChessBase"]
[SourceDate "2018.02.23"]
[SourceVersion "1"]
[SourceVersionDate "2018.02.23"]
[SourceQuality "1"]

1. e4 e5 2. Nf3 d6 3. Bc4 Be7 4. d3 Nf6 5. Nbd2 0-0 6. 0-0 h6 7. Re1 Nh7 8. Nf1 Kh8 9. Ng3 f5 10. exf5 Bxf5 11. Nxf5 Rxf5 12. Be6 Rf6 13. Bb3 Nd7 14. c3 Ndf8 15. d4 exd4 16. Nxd4 Qd7 17. f4 d5 18. Nf3 c6 19. Ne5 Bc5+ 20. Be3 Bxe3+ 21. Rxe3 Qc7 22. g3 Ng6 23. Kg2 Raf8 24. Ng4 Rxf4 25. gxf4 Nxf4+ 26. Kh1 Ng5 27. Bc2 Nfh3 28. Rxh3 Nxh3 29. Qd3 Ng5 30. Rf1 Rf4 31. Qe2 Ne4 32. Rxf4 Qxf4 33. Bxe4 dxe4 34. Nf2 Qc1+ 35. Kg2 Qg5+ 36. Kf1 e3 37. Ng4 Qf4+ 38. Kg2 1-0

[Event "Florianopolis op 2nd"]
[Site "Florianopolis"]
[Date "2016.01.17"]
[Round "2"]
[White "Tasoko, Toshinobu"]
[Black "Pereira Neto, Wladimir Nequesaurt"]
[Result "1/2-1/2"]
[WhiteElo "1749"]
[BlackElo "1850"]
[PlyCount "82"]
[EventDate "2016.01.16"]
[EventType "swiss"]
[EventRounds "10"]
[EventCountry "BRA"]
[SourceTitle "CBM 170 Extra"]
[Source "ChessBase"]
[SourceDate "2016.02.25"]
[SourceVersion "1"]
[SourceVersionDate "2016.02.25"]
[SourceQuality "1"]

1. e4 c5 2. Nf3 Nc6 3. Nc3 d6 4. Bc4 e6 5. d3 Nf6 6. 0-0 a6 7. a4 Be7 8. Re1 Qc7 9. h3 0-0 10. Bf4 e5 11. Be3 h6 12. Nh2 Nd4 13. Qd2 Be6 14. Nd5 Bxd5 15. exd5 Nf5 16. g4 Nxe3 17. Qxe3 Rae8 18. Kh1 Nh7 19. Nf3 f5 20. Nxe5 f4 21. Qc1 Bh4 22. Kg2 Rxe5 23. Rxe5 f3+ 24. Kf1 Ng5 25. Rxg5 Bxg5 26. Qe1 Bf4 27. Qe6+ Kh8 28. Re1 Qd8 29. Qg6 Qh4 30. Qh5 Qxh5 31. gxh5 Rf5 32. Re8+ Kh7 33. d4 Rxh5 34. Bd3+ g6 35. Re7+ Kg8 36. Re6 Rxd5 37. Rxg6+ Kh8 38. Be4 Rxd4 39. Bd3 b5 40. axb5 axb5 41. Re6 Kg7 1/2-1/2

[Event "Americana Region-ch 6th"]
[Site "Americana"]
[Date "2014.06.21"]
[Round "3.1"]
[White "Pires, Marcos Vinicius Tor"]
[Black "Tasoko, Toshinobu"]
[Result "1-0"]
[WhiteElo "2235"]
[BlackElo "1846"]
[PlyCount "67"]
[EventDate "2014.05.30"]
[EventType "swiss"]
[EventRounds "6"]
[EventCountry "BRA"]
[SourceTitle "EXT 2022"]
[Source "ChessBase"]
[SourceDate "2021.10.06"]
[SourceVersion "1"]
[SourceVersionDate "2021.10.06"]
[SourceQuality "1"]

1. Nf3 Nf6 2. c4 c5 3. Nc3 g6 4. e4 d6 5. d4 cxd4 6. Nxd4 Nc6 7. Be2 Bg7 8. Be3 Nxd4 9. Bxd4 0-0 10. 0-0 e5 11. Be3 Be6 12. Qd2 Rc8 13. b3 Ne8 14. Rfd1 a6 15. Rac1 Rc6 16. Nd5 Bxd5 17. cxd5 Rxc1 18. Rxc1 Qd7 19. Qa5 h6 20. b4 f5 21. b5 f4 22. Bd2 axb5 23. Bxb5 Qg4 24. f3 Qg5 25. Qa8 Nc7 26. Qxb7 Nxb5 27. Qxb5 Qe7 28. a4 Qa7+ 29. Kf1 Rb8 30. Qc4 Rb2 31. Be1 g5 32. Qc8+ Bf8 33. Rc7 Qd4 34. Qe6+ 1-0

[Event "Rio Claro op"]
[Site "Rio Claro"]
[Date "2014.05.18"]
[Round "6"]
[White "Tasoko, Toshinobu"]
[Black "Francelli, Derli"]
[Result "1-0"]
[WhiteElo "1862"]
[BlackElo "1657"]
[PlyCount "56"]
[EventDate "2014.05.16"]
[EventType "swiss"]
[EventRounds "6"]
[EventCountry "BRA"]
[SourceTitle "CBM 160 Extra"]
[Source "ChessBase"]
[SourceDate "2014.07.01"]
[SourceVersion "1"]
[SourceVersionDate "2014.07.01"]
[SourceQuality "1"]

1. e4 e6 2. d4 d5 3. Nc3 Nf6 4. e5 Nfd7 5. Nce2 c5 6. c3 Nc6 7. f4 cxd4 8. cxd4 Bb4+ 9. Bd2 Qb6 10. Nf3 Bxd2+ 11. Qxd2 Qb4 12. Nc3 Nb6 13. a3 Qa5 14. Be2 Na4 15. Nxa4 Qxa4 16. 0-0 0-0 17. Bd1 Qa5 18. b4 Qd8 19. Bc2 f5 20. exf6 Qxf6 21. Ne5 Nxe5 22. fxe5 Qe7 23. Rxf8+ Qxf8 24. Rf1 Qe7 25. Qd3 Qh4 26. g3 Qh3 27. Qf3 g6 28. Qf7+ Kh8 1-0

[Event "Rio Claro op"]
[Site "Rio Claro"]
[Date "2014.05.17"]
[Round "3"]
[White "Tasoko, Toshinobu"]
[Black "Bonvini, Adriana Tonhati"]
[Result "1-0"]
[WhiteElo "1862"]
[BlackElo "1486"]
[PlyCount "33"]
[EventDate "2014.05.16"]
[EventType "swiss"]
[EventRounds "6"]
[EventCountry "BRA"]
[SourceTitle "CBM 160 Extra"]
[Source "ChessBase"]
[SourceDate "2014.07.01"]
[SourceVersion "1"]
[SourceVersionDate "2014.07.01"]
[SourceQuality "1"]

1. e4 e5 2. Nf3 Nc6 3. d4 exd4 4. Nxd4 Bc5 5. Be3 Qf6 6. c3 Nge7 7. Be2 Ng6 8. g3 b6 9. 0-0 Bb7 10. f4 Nxd4 11. cxd4 Qc6 12. Bf3 Be7 13. e5 d5 14. exd6 Qxd6 15. Bxb7 Rb8 16. Bg2 0-0 17. f5 1-0

[Event "Cuiaba Contaud op"]
[Site "Cuiaba"]
[Date "2014.05.03"]
[Round "5"]
[White "Lopes, Marcelo Ferreira"]
[Black "Tasoko, Toshinobu"]
[Result "1-0"]
[WhiteElo "2009"]
[BlackElo "1862"]
[PlyCount "87"]
[EventDate "2014.05.01"]
[EventType "swiss"]
[EventRounds "6"]
[EventCountry "BRA"]
[SourceTitle "CBM 160 Extra"]
[Source "ChessBase"]
[SourceDate "2014.07.01"]
[SourceVersion "1"]
[SourceVersionDate "2014.07.01"]
[SourceQuality "1"]

1. e4 e6 2. d4 d5 3. Nc3 Nf6 4. Bd3 Nc6 5. e5 Nd7 6. Nf3 Be7 7. a3 a6 8. 0-0 Na7 9. b4 c6 10. Ne2 Nb6 11. Ng3 h5 12. Re1 h4 13. Nf1 Bd7 14. h3 Nb5 15. Bd2 Na4 16. c4 Nb2 17. Qb3 Nxd3 18. Qxd3 dxc4 19. Qxc4 Nc7 20. Be3 Nd5 21. N1d2 b5 22. Qc2 Nb6 23. Nb3 Na4 24. Rac1 Nb6 25. Na5 Rc8 26. Qe4 Nd5 27. Re2 Qb6 28. Bg5 Kd8 29. Bxe7+ Nxe7 30. Nxh4 Kc7 31. Rec2 Kb8 32. Nf3 Rh5 33. Rc5 Nd5 34. Qg4 g6 35. Nd2 Rf5 36. g3 Ne7 37. Ne4 Rc7 38. Qh4 g5 39. Nxg5 Ng6 40. Qg4 Nh8 41. Ne4 f6 42. Nxf6 Rxf6 43. exf6 e5 44. Qg8+ 1-0

[Event "Bairro op"]
[Site "Bairro Buritizal"]
[Date "2014.04.13"]
[Round "6"]
[White "Tasoko, Toshinobu"]
[Black "Krongold, Breno"]
[Result "1/2-1/2"]
[WhiteElo "1844"]
[BlackElo "1652"]
[PlyCount "94"]
[EventDate "2014.04.11"]
[EventType "swiss"]
[EventRounds "6"]
[EventCountry "BRA"]
[SourceTitle "CBM 160 Extra"]
[Source "ChessBase"]
[SourceDate "2014.07.01"]
[SourceVersion "1"]
[SourceVersionDate "2014.07.01"]
[SourceQuality "1"]

1. e4 c5 2. Nf3 d6 3. d4 cxd4 4. Nxd4 Nc6 5. Be3 Nf6 6. f3 e5 7. Nb3 Be6 8. Nc3 a6 9. Qd2 d5 10. exd5 Nxd5 11. Nxd5 Qxd5 12. 0-0-0 Rd8 13. Qxd5 Rxd5 14. Rxd5 Bxd5 15. c4 Be6 16. Nc5 Bc8 17. Bd3 Nb4 18. Bb1 Be7 19. h4 0-0 20. g4 Rd8 21. a3 Bxc5 22. Bxc5 Nd3+ 23. Bxd3 Rxd3 24. Rd1 Rxd1+ 25. Kxd1 f6 26. Bd6 Kf7 27. b4 e4 28. Ke2 exf3+ 29. Kxf3 Bd7 30. Kf4 h6 31. Kg3 Kg6 32. h5+ Kf7 33. Kh4 f5 34. g5 hxg5+ 35. Kxg5 Ke6 36. Bf8 Kf7 37. Bd6 Ke6 38. c5 Kf7 39. Be5 Be6 40. a4 Bd7 41. a5 Be6 42. Kf4 Kg8 43. Bc7 Kf7 44. Kg5 Bd7 45. Be5 Bc8 46. Bf4 Bd7 47. Be5 Bc8 1/2-1/2

[Event "Bairro op"]
[Site "Bairro Buritizal"]
[Date "2014.04.11"]
[Round "2"]
[White "Tasoko, Toshinobu"]
[Black "Assef, Nathaly Regina Reis"]
[Result "1-0"]
[WhiteElo "1844"]
[BlackElo "1451"]
[PlyCount "75"]
[EventDate "2014.04.11"]
[EventType "swiss"]
[EventRounds "6"]
[EventCountry "BRA"]
[SourceTitle "CBM 160 Extra"]
[Source "ChessBase"]
[SourceDate "2014.07.01"]
[SourceVersion "1"]
[SourceVersionDate "2014.07.01"]
[SourceQuality "1"]

1. e4 c5 2. Nf3 d6 3. d4 cxd4 4. Nxd4 Nf6 5. Nc3 g6 6. f3 Bg7 7. Be3 0-0 8. Qd2 Nc6 9. 0-0-0 Nxd4 10. Bxd4 Be6 11. Kb1 Qa5 12. Nd5 Qxd2 13. Nxe7+ Kh8 14. Rxd2 Rfe8 15. Bxf6 Bxf6 16. Nd5 Bd8 17. h4 Kg7 18. g4 Rc8 19. Nf4 Bc7 20. h5 g5 21. h6+ Kf6 22. Nh5+ Ke7 23. Ng7 Red8 24. Rh5 f6 25. Nxe6 Kxe6 26. Bc4+ Ke7 27. Bd5 b5 28. Rd3 Rb8 29. f4 Rf8 30. Rd1 gxf4 31. Rf5 Bb6 32. Rxf4 Be3 33. Rf5 Bg5 34. c3 Rbc8 35. Kc2 Rc7 36. Kb3 Kd8 37. Kb4 a6 38. Ka5 1-0

[Event "Sao Paulo op-B U2050"]
[Site "Sao Paulo"]
[Date "2014.04.04"]
[Round "2"]
[White "Tasoko, Toshinobu"]
[Black "Teshima, Ricardo Yoshida"]
[Result "0-1"]
[WhiteElo "1884"]
[BlackElo "1781"]
[PlyCount "78"]
[EventDate "2014.04.03"]
[EventType "swiss"]
[EventRounds "6"]
[EventCountry "BRA"]
[SourceTitle "CBM 159 Extra"]
[Source "ChessBase"]
[SourceDate "2014.04.24"]
[SourceVersion "1"]
[SourceVersionDate "2014.04.24"]
[SourceQuality "1"]

1. e4 e5 2. Nf3 Nf6 3. d3 Nc6 4. h3 h6 5. Nc3 Bc5 6. Be2 d6 7. 0-0 Be6 8. a3 Qd7 9. Kh2 g5 10. Be3 g4 11. Ng1 Nd4 12. h4 Nxe2 13. Ngxe2 Bxe3 14. fxe3 g3+ 15. Nxg3 Ng4+ 16. Kg1 Nxe3 17. Qd2 Nxf1 18. Rxf1 0-0-0 19. Qf2 Qc6 20. Nf5 Bxf5 21. Qxf5+ Qd7 22. Qf2 Kb8 23. Nd5 c6 24. Ne3 d5 25. Nf5 dxe4 26. dxe4 Qc7 27. Kh2 Qb6 28. Qxb6 axb6 29. g4 Rd2+ 30. Kg3 Rxc2 31. Nd6 Kc7 32. Nxf7 Rf8 33. g5 hxg5 34. hxg5 Rd2 35. Rf6 Rxb2 36. g6 Rb1 37. Re6 Kd7 38. Rf6 Ke7 39. Rf2 Rg1+ 0-1

[Event "BRA-ch Amateur"]
[Site "Sao Paulo"]
[Date "2014.03.01"]
[Round "2"]
[White "Medeiros, Francisco de Assis"]
[Black "Tasoko, Toshinobu"]
[Result "1-0"]
[WhiteElo "2020"]
[BlackElo "1872"]
[PlyCount "54"]
[EventDate "2014.03.01"]
[EventType "swiss"]
[EventRounds "7"]
[EventCountry "BRA"]
[SourceTitle "EXT 2016"]
[Source "ChessBase"]
[SourceDate "2015.10.08"]
[SourceVersion "1"]
[SourceVersionDate "2015.10.08"]
[SourceQuality "1"]

1. d4 Nf6 2. Nf3 d5 3. Bf4 Bf5 4. e3 e6 5. c4 Bb4+ 6. Nc3 0-0 7. Qb3 Nc6 8. Be2 b6 9. 0-0 Bxc3 10. Qxc3 Ne4 11. Qc1 Ne7 12. Nh4 c6 13. Nxf5 exf5 14. f3 Nd6 15. c5 Ndc8 16. Qc2 Qd7 17. Bd3 g6 18. b4 f6 19. h4 Rf7 20. a4 g5 21. hxg5 fxg5 22. Bxg5 Qe6 23. Rae1 Qg6 24. Bf4 h5 25. e4 Qf6 26. Be5 Qg6 27. exf5 Nxf5 1-0

[Event "Jundiai Paulista Polo Shop 3rd"]
[Site "Jundiai"]
[Date "2007.02.24"]
[Round "3"]
[White "Riboldi, Mario Garcia"]
[Black "Tasoko, Toshinobu"]
[Result "1-0"]
[WhiteElo "1693"]
[BlackElo "1925"]
[PlyCount "59"]
[EventDate "2007.02.22"]
[EventType "swiss"]
[EventRounds "7"]
[EventCountry "BRA"]
[SourceTitle "EXT 2022"]
[Source "ChessBase"]
[SourceDate "2021.10.06"]
[SourceVersion "1"]
[SourceVersionDate "2021.10.06"]
[SourceQuality "1"]

1. d4 Nf6 2. c4 e5 3. dxe5 Ng4 4. e4 Nxe5 5. f4 Nec6 6. Nf3 Bc5 7. Nc3 0-0 8. Bd3 d6 9. Bd2 Bg4 10. h3 Bxf3 11. Qxf3 Nd4 12. Qg3 f5 13. 0-0-0 a5 14. exf5 Nxf5 15. Bxf5 Rxf5 16. Qd3 Rf7 17. Ne4 Nd7 18. Ng5 Nf6 19. Nxf7 Kxf7 20. Rde1 Qd7 21. a3 c6 22. Be3 Bxe3+ 23. Rxe3 b5 24. Rhe1 Qd8 25. cxb5 cxb5 26. Qxb5 Rb8 27. Re7+ Kf8 28. Qg5 Qc8+ 29. Kb1 Rxb2+ 30. Kxb2 1-0